Οι γλάροι : εργαστήριο comics, masterclass βασισμένο στον αφηγηματικό κόσμο του Ηλία Βενέζη

Αποθηκεύτηκε σε:
Λεπτομέρειες βιβλιογραφικής εγγραφής
Κύριος συγγραφέας: Περιμένης, Αναστάσιος Μ.
Άλλοι συγγραφείς: Βενέζη-Κοσμετάτου, Άννα (Συγγραφέας εισαγωγής κ.λπ.)
Μορφή: Βιβλίο
Γλώσσα:Greek
Δημοσίευση: Μυτιλήνη : Εταιρεία Τοπικής Ανάπτυξης Λέσβου, 2015.
Θέματα:
Ετικέτες: Προσθήκη ετικέτας
Δεν υπάρχουν, Καταχωρήστε ετικέτα πρώτοι!

MARC

LEADER 00000cam a2200000 a 4500
001 1/121337
008 200511s2015####gr | ||| |||| ||gre||
020 |a 9789609860475 
040 |a GR-MyUa  |b gre  |c GR-MyUa  |e AACR2 
041 0 |a gre 
082 7 |a 741.51   |2 (23) 
100 1 |a Περιμένης, Αναστάσιος Μ. 
245 1 3 |a Οι γλάροι :   |b εργαστήριο comics, masterclass βασισμένο στον αφηγηματικό κόσμο του Ηλία Βενέζη /   |c κείμενα Αναστάσιος Μ. Περιμένης ; υπεύθυνος εργαστηρίου : Αντώνης Νικολόπουλος - Soloup.  
260 |a Μυτιλήνη :   |b Εταιρεία Τοπικής Ανάπτυξης Λέσβου,   |c 2015.  
300 |a 207 σ. :   |b εικ., φωτ. ;   |c 24 εκ.  
600 1 0 |x Criticism and interpretation  |a Βενέζης, Ηλίας,   |d 1904-1973. 
650 0 |a Comic books, strips, etc.  |z Greece  |y 21st century. 
650 0 |a Cartooning  |x Technique. 
700 1 |a Βενέζη-Κοσμετάτου, Άννα,  |e aui 
700 1 |a Soloup,  |e oth 
852 |a INST  |b RHODES  |e 20200511  |h 741.51 ΠΕΡ  |p 005400041501  |q 005400041501  |t BK  |y 0 
920 |a Κέδρος  |y Ρόδος  |z 2020-05 
970 |a Μαρία  |b Κωτάκου  |z 11-05-2020